000 00309nam a22001337a 4500
008 170519b xxu||||| |||| 00| 0 eng d
020 _a9780072998283
041 _aeng
080 _23RD
_a94(3)
100 _a16
101 _aSHH
245 _aA GLOBAL PERSPECTIVE ON THE PAST
_cBENTLEY, J
942 _2udc
_cBK
999 _c13492
_d13492